000 00522nam a2200181Ia 4500
005 20250923144653.0
008 008 250917s9999 xx 000 0 eng d
037 _aTextual
040 _aDSWL
_beng
_cDSWL
041 _aeng
_2eng
084 _qDSWL
100 _aSabharwal, Jag Mohan Lal
_9827218
245 0 _aGroup work and community organozatopm
_cby Jag Mohan Lal Sabharwal
260 _aDelhi
_b Delhi School of Social Work
_c1959
300 _a117p.
942 _cTEXL
999 _c1441863
_d1441863